000 00198 a2200097 4500
001 7823
100 _aGuillaume, A
245 _aThe life of Muhammad
260 _a
_bOxford
_c
090 _c6272
_d6272
942 _aNUST-CAE
_cM
_c32792
999 _c242896
_d242896